| 000 | 00363nam a2200157Ia 4500 | ||
|---|---|---|---|
| 008 | 230524s9999 xx 000 0 und d | ||
| 082 |
_a621.382 _bWAY |
||
| 100 | _aWayne Wolf | ||
| 245 | 0 | _aModern VLSI Design | |
| 250 | _a3RD | ||
| 260 |
_aNEW DELHI _bPearson _c2005 |
||
| 300 | _a622 | ||
| 500 | _aQuantity Number: 4 | ||
| 650 | _aElectronics | ||
| 942 | _cBK | ||
| 999 |
_c17645 _d17645 |
||